Les clubs engagés en Ligue Europa (2017-2018) - Statistiques

Statistiques générales
  • Ce quiz a été pris 112 fois
  • Le résultat moyen est 24 sur 48
Statistiques - réponses
Groupe Pays Club % Correct
I France Olympique de Marseille
93%
E France Olympique lyonnais
92%
K France OGC Nice
85%
B Ukraine Dynamo Kiev
82%
H Angleterre Arsenal FC
76%
K Italie Lazio Rome
74%
A Israël Maccabi Tel-Aviv
73%
J Espagne Athletic Bilbao
71%
B Serbie Partizan Belgrade
71%
A Kazakhstan FK Astana
68%
A Rép. tchèque Slavia Prague
68%
C Portugal Sporting Braga
68%
B Suisse Young Boys Berne
68%
H Serbie Etoile rouge de Belgrade
67%
E Angleterre Everton FC
67%
I Autriche Red Bull Salzbourg
67%
A Espagne Villareal CF
65%
D Italie AC Milan
64%
D Autriche Austria Vienne
59%
E Italie Atalanta Bergame
58%
G Roumanie Steaua Bucarest
55%
D Grèce AEK Athènes
53%
F Danemark FC Copenhague
53%
L Russie Zénith Saint-Pétersbourg
52%
I Portugal Vitória Guimarães
48%
L Norvège Rosenborg SK
47%
F Russie Lokomotiv Moscou
45%
L Macédoine Vardar Skopje
45%
L Espagne Real Sociedad
44%
G Rép. tchèque Viktoria Plzeň
42%
G Israël Hapoël Beer-Sheva
41%
C Allemagne TFG Hoffenheim
41%
H Biélorussie BATE Borisov
40%
C Bulgarie Ludogorets Razgrad
39%
H Allemagne FC Cologne
38%
C Turquie İstanbul Başakşehir
38%
J Allemagne Hertha Berlin
36%
K Pays-Bas Vitesse Arnhem
35%
F Moldavie Sheriff Tiraspol
31%
K Belgique Zulte Waregem
27%
E Chypre Apollon Limasol
25%
D Croatie HNK Rijeka
24%
I Turquie Konyaspor Kulübü
24%
G Suisse FC Lugano
21%
J Suède Östersunds FK
14%
F Rép. tchèque Fastav Zlín
11%
B Albanie Skënderbeu Korçë
7%
J Ukraine Zorya Louhansk
5%
Aucun quiz correspondant
Distribution des résultats
% des personnes avec chaque résultat
Percentile par nombre de réponses
Votre historique - résultats
Vous n’avez pas pris ce quiz